000 00409nam a22001697a 4500
003 MPLRDC
005 20220104163211.0
008 210129b ||||| |||| 00| 0 eng d
020 _a0-02-917586-0
082 _a177.2 KOT
100 _aJOHN P. KOTTER
245 _aTHE NEW RULES
_c
260 _a
_bTHE FREE PRESS
_c1995
300 _b
650 _a应用心理学--成功法
942 _cBK
_o177.2 KOT
999 _c56347
_d56337